000 00949cab a2200253 4500
001 ABS58498
008 090401t1998 xxu||||| |||| 00| 0 eng d
035 _a(Sirsi) u84706
041 _aeng
100 _aBullimore, T.
245 _aGoodwill, good faith and market value
260 _c1998
350 _a0
490 _aSolicitors` Journal
_v142(8) 27 February 1998, 180(1)
520 _aDiscusses "AIB Finance Ltd v Debtors" which highlights the problems that can arise when mortgagees in possession sell their security for too little. This particular case also dealt with the duty to be imposed upon a mortgagee whose advance is also secured on the goodwill of a business operating out of that property.
650 _aAIB FINANCE LTD V DEBTORS
650 _aGOODWILL
650 _aLENDERS SECURITY
650 _aMARKET VALUE
650 _aPOSSESSION
690 _aPROPERTY LAW AND PRACTICE
942 _n0
948 _c05/03/1998
999 _c53268
_d53268